[Event "CHI-ch"]
[Site "Vina del Mar"]
[Date "1997.??.??"]
[Round "14"]
[White "Correa Jaramillo, Jaime"]
[Black "Rivera, Guillermo"]
[Result "0-1"]
[WhiteElo "2250"]
[BlackElo "2135"]
[PlyCount "111"]
[EventDate "1997.03.17"]
[EventType "tourn"]
[EventRounds "13"]
[EventCountry "CHI"]
[SourceTitle "CBM 058 Extra"]
[Source "ChessBase"]
[SourceDate "1997.07.29"]
[SourceVersion "1"]
[SourceVersionDate "1997.07.29"]
[SourceQuality "1"]

1. d4 Nf6 2. c4 g6 3. Nc3 Bg7 4. e4 d6 5. f3 0-0 6. Be3 e5 7. d5 Nh5 8. Qd2 f5 9. 0-0-0 a6 10. Kb1 Nd7 11. Bd3 Nc5 12. Bc2 Rf7 13. Nge2 Qe8 14. Nc1 b5 15. Nd3 Nxd3 16. Bxd3 Rb8 17. Rc1 Nf4 18. Rhe1 b4 19. Nd1 a5 20. Bf1 Bd7 21. Ka1 Nh5 22. h3 Qe7 23. c5 Rbf8 24. cxd6 cxd6 25. Bg5 Qe8 26. Bd3 fxe4 27. Bxe4 Bb5 28. Ne3 Qb8 29. Nc4 Bxc4 30. Rxc4 Rc8 31. Rc6 Nf6 32. Rec1 Rfc7 33. Qd3 Nxe4 34. fxe4 h6 35. Be3 Rxc6 36. dxc6 Qc7 37. Qa6 Rb8 38. Ba7 Ra8 39. Qb7 Rxa7 40. Qxa7 Qxa7 41. c7 Kh7 42. c8Q Qe3 43. Qc2 a4 44. Rd1 b3 45. Qd3 Qf2 46. axb3 axb3 47. Qxb3 Qxg2 48. Qe3 d5 49. Rxd5 Qf1+ 50. Ka2 Qc4+ 51. Kb1 Qf1+ 52. Kc2 Qc4+ 53. Kd1 Qf1+ 54. Kd2 Qg2+ 55. Kc3 h5 56. Rd7 0-1

[Event "CHI-ch"]
[Site "Vina del Mar"]
[Date "1997.??.??"]
[Round "12"]
[White "Correa Jaramillo, Jaime"]
[Black "Rojas Keim, Luis Alberto"]
[Result "1/2-1/2"]
[WhiteElo "2250"]
[BlackElo "2385"]
[PlyCount "74"]
[EventDate "1997.03.17"]
[EventType "tourn"]
[EventRounds "13"]
[EventCountry "CHI"]
[SourceTitle "CBM 058 Extra"]
[Source "ChessBase"]
[SourceDate "1997.07.29"]
[SourceVersion "1"]
[SourceVersionDate "1997.07.29"]
[SourceQuality "1"]

1. e4 e6 2. d4 d5 3. Nd2 Nc6 4. Ngf3 Nf6 5. e5 Nd7 6. c3 f6 7. exf6 Qxf6 8. Bb5 Bd6 9. Nf1 e5 10. dxe5 Ndxe5 11. Nxe5 Qxe5+ 12. Qe2 0-0 13. Bxc6 Qxe2+ 14. Kxe2 bxc6 15. Be3 c5 16. Rd1 Ba6+ 17. Kd2 Rae8 18. Ng3 g6 19. Rhe1 d4 20. cxd4 cxd4 21. Bxd4 Bb4+ 22. Bc3 Rxf2+ 23. Kc1 Rxe1 24. Bxe1 Bxe1 25. Rxe1 Kf7 26. Rd1 Bb5 27. Rd5 Bc6 28. Rc5 Rf6 29. Ne2 Bxg2 30. Rxc7+ Kg8 31. Rxa7 Rf1+ 32. Kd2 Rh1 33. Nf4 Rxh2 34. Nxg2 Rxg2+ 35. Kc3 Rg3+ 36. Kc4 Rg4+ 37. Kc3 Rg3+ 1/2-1/2

[Event "CHI-ch"]
[Site "Vina del Mar"]
[Date "1997.??.??"]
[Round "2"]
[White "Jorquera Cahuin, Marcelo Joaquin"]
[Black "Correa Jaramillo, Jaime"]
[Result "0-1"]
[WhiteElo "2160"]
[BlackElo "2250"]
[PlyCount "98"]
[EventDate "1997.03.17"]
[EventType "tourn"]
[EventRounds "13"]
[EventCountry "CHI"]
[SourceTitle "CBM 058 Extra"]
[Source "ChessBase"]
[SourceDate "1997.07.29"]
[SourceVersion "1"]
[SourceVersionDate "1997.07.29"]
[SourceQuality "1"]

1. e4 c5 2. Nc3 Nc6 3. g3 g6 4. Bg2 Bg7 5. d3 d6 6. Nge2 Nf6 7. 0-0 0-0 8. f4 Bd7 9. h3 Rb8 10. f5 b5 11. g4 b4 12. Nb1 h6 13. Nd2 Ne5 14. Nf3 Nxf3+ 15. Bxf3 e6 16. Ng3 Qc7 17. Kg2 Bc6 18. Be3 Kh7 19. g5 hxg5 20. Bxg5 d5 21. Qe1 Rbe8 22. e5 exf5 23. Nxf5 Qxe5 24. Qh4+ Nh5 25. Nxg7 Qxg7 26. Bxh5 gxh5 27. Qxh5+ Kg8 28. Rf6 Re6 29. Raf1 d4+ 30. Kh2 Rfe8 31. Rxf7 Re2+ 32. R7f2 Rxf2+ 33. Rxf2 Re1 34. Qh4 Rh1+ 35. Kg3 Rg1+ 36. Kf4 Qc7+ 37. Kf5 Qd7+ 38. Ke5 Qd5+ 39. Kf4 Qd6+ 40. Kf5 Bd7+ 41. Ke4 Qe6+ 42. Kf3 Bc6+ 43. Kf4 Qe3+ 44. Kf5 Bd7+ 45. Kg6 Qe6+ 46. Rf6 Be8+ 47. Kh6 Qd7 48. Rf8+ Kxf8 49. Qf2+ Kg8 0-1

[Event "CHI-ch"]
[Site "Santiago de Chile"]
[Date "1994.??.??"]
[Round "?"]
[White "Correa Jaramillo, Jaime"]
[Black "Michel Yunis, Christian D"]
[Result "1/2-1/2"]
[WhiteElo "2265"]
[BlackElo "2340"]
[PlyCount "78"]
[EventDate "1994.??.??"]
[EventType "tourn"]
[EventRounds "12"]
[EventCountry "CHI"]
[EventCategory "1"]
[SourceTitle "EXT 2001"]
[Source "ChessBase"]
[SourceDate "2000.11.22"]
[SourceVersion "1"]
[SourceVersionDate "2000.11.22"]
[SourceQuality "1"]

1. e4 c6 2. d4 d5 3. Nc3 dxe4 4. Nxe4 Nd7 5. Nf3 Ngf6 6. Ng3 e6 7. Bd3 Bd6 8. 0-0 Qc7 9. Re1 0-0 10. Bg5 h6 11. Bd2 c5 12. c4 cxd4 13. Nxd4 a6 14. Rc1 Nc5 15. Bb1 Rd8 16. Nf3 a5 17. Qe2 Bf4 18. Rcd1 Bxd2 19. Rxd2 Ra6 20. Red1 Rxd2 21. Qxd2 Bd7 22. b3 Kf8 23. h3 Ra8 24. Qd4 Be8 25. Ne5 b6 26. Bc2 Nb7 27. Qf4 Qe7 28. Ne4 Rd8 29. Rxd8 Qxd8 30. Nxf6 Qxf6 31. Qxf6 gxf6 32. Ng4 f5 33. Ne5 Ke7 34. Kf1 Kd6 35. Nd3 Bc6 36. g3 Bf3 37. Ke1 Bg2 38. h4 Nc5 39. Kd2 Bc6 1/2-1/2

[Event "CHI-ch"]
[Site "Santiago de Chile"]
[Date "1994.??.??"]
[Round "?"]
[White "Correa Jaramillo, Jaime"]
[Black "Silva Lillo, Sebastian"]
[Result "1/2-1/2"]
[WhiteElo "2265"]
[BlackElo "2360"]
[PlyCount "58"]
[EventDate "1994.??.??"]
[EventType "tourn"]
[EventRounds "12"]
[EventCountry "CHI"]
[EventCategory "1"]
[SourceTitle "EXT 2001"]
[Source "ChessBase"]
[SourceDate "2000.11.22"]
[SourceVersion "1"]
[SourceVersionDate "2000.11.22"]
[SourceQuality "1"]

1. e4 c5 2. Nf3 Nc6 3. d4 cxd4 4. Nxd4 g6 5. Nc3 Bg7 6. Be3 Nf6 7. Be2 0-0 8. Qd2 d5 9. exd5 Nxd5 10. Nxd5 Nxd4 11. Bxd4 Qxd5 12. Bxg7 Qxd2+ 13. Kxd2 Kxg7 14. Ke3 e5 15. Rhd1 Be6 16. a3 Rac8 17. Rac1 Rc7 18. Rd2 f5 19. f3 Kf6 20. c4 b6 21. Rdc2 Rd8 22. b4 h6 23. g3 g5 24. c5 bxc5 25. Rxc5 f4+ 26. gxf4 exf4+ 27. Kf2 Rxc5 28. Rxc5 Rc8 29. Ra5 Rc7 1/2-1/2